000 02089nam a2200325Ia 4500
999 _c54666
_d54666
001 21733
003 GE_BSU
005 20220124171400.0
008 181216s2017||||ge |||||||||||||| ||geo||
020 _a9789941272431
040 _cGE_BSU
041 _ageo
080 _a72.071.1(450)(479.22)+94(479.22)+391(=353.1)(09) ჯ-64
245 _aჯოვანი სკუდიერი და საქართველო : სამეცნიერო კონფერენცია (2 ნოემბერი, 2016 წ.) :
_bმოხსენებათა კრებული /
_cმთ. რედაქტორი როინ მეტრეველი ; რედაქტორები : დიმიტრი თუმანიშვილი, გიორგი პაპაშვილი.
264 _aთბილისი :
_bსაქ. მეცნ. ეროვნ. აკადემიის სტამბა,
_c2017.
300 _a124 გვ. :
_bილ., ფოტ. ;
_c20 სმ.
504 _aბიბლიოგრაფია სტატიების ბოლოს
541 _h5 ლ.
653 _aმოხსენებათა კრებული
653 _aსამეცნიერო კონფერენცია
653 _aჯოვანი სკუდიერი და საქართველო
653 _a იტალიელი არქიტექტორები საქართველოში
653 _a საქართველოს ისტორია
653 _a ქალაქ თბილისის არქიტექტურა
653 _a ქართული კოსტუმის ისტორია
700 _aმეტრეველი, როინ
_eმთ. რედაქტორი
_913441
700 _aთუმანიშვილი, დიმიტრი
_eრედაქტორი
_94765
700 _aპაპაშვილი, გიორგი
_eრედაქტორი
_913442
942 _cBK
_2udc